000 00293nam a2200121 i 4500
001 bg
245 0 _aZagadnienia dydaktyki języków obcych w uczelni technicznej.
260 _aWrocław,
_c1974.
040 _cBPK
041 _apol
942 _cKS
008 s pl f |000 0 pol
999 _c15784
_d15784
856 _uhttp://koha.tu.koszalin.pl/cgi-bin/koha/opac-detail.pl?biblionumber=15784
_yKatalog online BPK